000 00988nam2a2200217 4500
001 RU\NLR\BIBL_A\012477175
005 20250624044113.0
010 _a978-5-91419-705-3
035 _a(NLR Aleph) 012477175
090 _a12110530
_c12110530
100 _a20210317d2012 |||y0rusy50 ca
101 0 _arus
102 _aRU
200 0 _aВып. 1 (1)
210 _d2012
_aБ. м.
461 0 _1001RU\NLR\BIBL_A\012311101
_12001#$aПочему я люблю Россию$eвоенно-патриотический альманах$fС.-Петерб. союз суворовцев, нахимовцев и кадет$vВып. 1 (1)
_911370998
_cСанкт-Петербург
_d2012 -
_fС.-Петерб. союз суворовцев, нахимовцев и кадет
_nАлетейя
_oвоенно-патриотический альманах
_tПочему я люблю Россию
_vВып. 1 (1)
852 _aNLR
_jП10/7837
942 _cISSUE
980 _aNB
980 _aRUSPER